[Event "World Chess Olympiad 2018"]
[Site "Batumi"]
[Date "2018.10.05"]
[Round "11"]
[Board "4"]
[WhiteFideId "14928752"]
[White "Gazik Viktor"]
[BlackFideId "1304232"]
[Black "Jenni Florian"]
[Result "0-1"]
[LiveChessVersion "1.4.8"]
[BlackElo "2456"]
[WhiteElo "2486"]

1. g3 {[%clk 1:30:56]} e5 {[%clk 1:28:47]} 2. c4 {[%clk 1:31:20]} c6
{[%clk 1:28:24]} 3. Nf3 {[%clk 1:31:08]} e4 {[%clk 1:28:21]} 4. Nd4
{[%clk 1:31:31]} d5 {[%clk 1:28:37]} 5. d3 {[%clk 1:25:55]} Nf6 {[%clk 1:20:43]}
6. Bg2 {[%clk 1:25:59]} Bc5 {[%clk 1:10:06]} 7. Nb3 {[%clk 1:25:45]} Bb6
{[%clk 1:07:43]} 8. cxd5 {[%clk 1:13:23]} cxd5 {[%clk 1:03:24]} 9. O-O
{[%clk 1:12:21]} Bf5 {[%clk 0:51:51]} 10. Nc3 {[%clk 1:05:18]} exd3
{[%clk 0:37:37]} 11. Bg5 {[%clk 1:05:13]} Nbd7 {[%clk 0:27:22]} 12. Nxd5
{[%clk 0:59:00]} h6 {[%clk 0:27:02]} 13. Nxb6 {[%clk 0:36:20]} Nxb6
{[%clk 0:23:32]} 14. Bxf6 {[%clk 0:25:17]} Qxf6 {[%clk 0:23:55]} 15. exd3
{[%clk 0:22:23]} O-O {[%clk 0:21:31]} 16. d4 {[%clk 0:21:58]} Nc4
{[%clk 0:20:50]} 17. Qe2 {[%clk 0:16:38]} Nd6 {[%clk 0:18:41]} 18. Rac1
{[%clk 0:15:49]} Rae8 {[%clk 0:17:34]} 19. Qf3 {[%clk 0:15:22]} Re7
{[%clk 0:14:14]} 20. Na5 {[%clk 0:11:55]} Rfe8 {[%clk 0:08:58]} 21. g4
{[%clk 0:06:58]} Bg6 {[%clk 0:04:23]} 22. Qxf6 {[%clk 0:05:36]} gxf6
{[%clk 0:04:51]} 23. f4 {[%clk 0:02:57]} Bd3 {[%clk 0:03:35]} 24. Rf3
{[%clk 0:01:14]} Ba6 {[%clk 0:02:20]} 25. Bf1 {[%clk 0:01:08]} Bxf1
{[%clk 0:01:14]} 26. Rcxf1 {[%clk 0:01:04]} Re2 {[%clk 0:00:49]} 27. R3f2
{[%clk 0:01:34]} R2e4 {[%clk 0:00:51]} 28. Nb3 {[%clk 0:01:23]} b6
{[%clk 0:01:16]} 29. Kg2 {[%clk 0:01:24]} Nc4 {[%clk 0:01:09]} 30. Rc1
{[%clk 0:00:43]} Ne3+ {[%clk 0:01:33]} 31. Kg3 {[%clk 0:01:11]} Nd5
{[%clk 0:01:11]} 32. Rcf1 {[%clk 0:00:59]} a5 {[%clk 0:00:57]} 33. a4
{[%clk 0:00:41]} f5 {[%clk 0:00:36]} 34. h3 {[%clk 0:00:37]} Kg7 {[%clk 0:00:38]}
35. Rf3 {[%clk 0:00:47]} Kf6 {[%clk 0:00:49]} 36. g5+ {[%clk 0:00:42]} Kg6
{[%clk 0:00:40]} 37. h4 {[%clk 0:00:51]} Re2 {[%clk 0:00:39]} 38. R1f2
{[%clk 0:00:50]} f6 {[%clk 0:00:34]} 39. gxh6 {[%clk 0:00:34]} Kxh6
{[%clk 0:00:39]} 40. Nc1 {[%clk 0:30:41]} R2e4 {[%clk 0:30:38]} 41. Rd2
{[%clk 0:24:17]} Rg8+ {[%clk 0:25:10]} 42. Kf2 {[%clk 0:22:11]} Nxf4
{[%clk 0:25:26]} 43. Kf1 {[%clk 0:22:35]} Nd5 {[%clk 0:24:03]} 44. Ne2
{[%clk 0:19:01]} Rxh4 {[%clk 0:19:09]} 45. Ng3 {[%clk 0:15:23]} Rg5
{[%clk 0:14:04]} 46. Rdd3 {[%clk 0:09:04]} f4 {[%clk 0:13:43]} 47. Ne4
{[%clk 0:09:10]} Rh1+ {[%clk 0:09:55]} 48. Ke2 {[%clk 0:09:23]} Rgg1
{[%clk 0:06:49]} 49. Nf2 {[%clk 0:06:05]} Rh5 {[%clk 0:05:42]} 50. Rb3
{[%clk 0:05:31]} Kg6 {[%clk 0:05:40]} 51. Nh3 {[%clk 0:02:29]} Rg2+
{[%clk 0:05:27]} 52. Kf1 {[%clk 0:02:20]} Rc2 {[%clk 0:05:14]} 53. Kg1
{[%clk 0:02:46]} Kf5 {[%clk 0:03:43]} 54. Rb5 {[%clk 0:01:32]} Ke4
{[%clk 0:02:09]} 55. Rbb3 {[%clk 0:02:02]} Rc1+ {[%clk 0:01:27]} 56. Kf2
{[%clk 0:02:02]} Rc2+ {[%clk 0:01:28]} 57. Kg1 {[%clk 0:02:03]} Rh4
{[%clk 0:00:54]} 58. Nf2+ {[%clk 0:01:29]} Kf5 {[%clk 0:01:11]} 59. Kf1
{[%clk 0:01:02]} Ke6 {[%clk 0:01:18]} 60. Kg1 {[%clk 0:01:31]} Rc1+
{[%clk 0:00:56]} 61. Kg2 {[%clk 0:01:46]} Ne3+ {[%clk 0:01:02]} 62. Rfxe3+
{[%clk 0:02:14]} fxe3 {[%clk 0:01:27]} 63. Rxe3+ {[%clk 0:02:39]} Kd5
{[%clk 0:01:37]} 64. Rb3 {[%clk 0:03:07]} Rc6 {[%clk 0:01:23]} 65. Rb5+
{[%clk 0:03:26]} Kxd4 {[%clk 0:00:45]} 66. b4 {[%clk 0:03:55]} Kc3
{[%clk 0:00:36]} 67. bxa5 {[%clk 0:04:19]} bxa5 {[%clk 0:00:35]} 68. Rxa5
{[%clk 0:04:44]} Kb4 {[%clk 0:00:39]} 69. Ra8 {[%clk 0:04:51]} Rd4
{[%clk 0:00:51]} 70. a5 {[%clk 0:04:52]} Kb5 {[%clk 0:01:03]} 71. a6
{[%clk 0:02:04]} Kb6 {[%clk 0:00:51]} 72. Kf3 {[%clk 0:01:52]} Rc3+
{[%clk 0:00:59]} 73. Ke2 {[%clk 0:02:21]} Ra4 {[%clk 0:00:52]} 74. Rb8+
{[%clk 0:02:18]} Ka7 {[%clk 0:01:09]} 75. Rf8 {[%clk 0:02:28]} Ra2+
{[%clk 0:01:30]} 76. Kf1 {[%clk 0:02:25]} Rf3 {[%clk 0:01:50]} 0-1

[Event "World Chess Olympiad 2018"]
[Site "Batumi"]
[Date "2018.10.05"]
[Round "11"]
[Board "1"]
[WhiteFideId "813192"]
[White "Vocaturo Daniele"]
[BlackFideId "14403803"]
[Black "Kadric Denis"]
[Result "1/2-1/2"]
[LiveChessVersion "1.4.8"]
[BlackElo "2543"]
[WhiteElo "2615"]

1. e4 {[%clk 1:30:54]} d6 {[%clk 1:30:59]} 2. d4 {[%clk 1:30:53]} Nf6
{[%clk 1:31:27]} 3. Nc3 {[%clk 1:31:09]} e5 {[%clk 1:31:55]} 4. Nf3
{[%clk 1:30:53]} Nbd7 {[%clk 1:32:23]} 5. Bc4 {[%clk 1:30:38]} Be7
{[%clk 1:32:51]} 6. a4 {[%clk 1:29:21]} O-O {[%clk 1:33:17]} 7. O-O
{[%clk 1:29:37]} c6 {[%clk 1:33:46]} 8. Re1 {[%clk 1:29:13]} exd4
{[%clk 1:34:11]} 9. Nxd4 {[%clk 1:29:29]} Ne5 {[%clk 1:34:39]} 10. Bb3
{[%clk 1:28:43]} Re8 {[%clk 1:34:59]} 11. h3 {[%clk 1:26:54]} Ng6
{[%clk 1:35:25]} 12. Be3 {[%clk 1:24:16]} Bf8 {[%clk 1:33:32]} 13. Qd3
{[%clk 1:21:06]} Nd7 {[%clk 1:25:23]} 14. Rad1 {[%clk 1:16:52]} Nc5
{[%clk 1:22:41]} 15. Nxc6 {[%clk 1:13:32]} Qb6 {[%clk 1:06:00]} 16. Bxc5
{[%clk 1:01:11]} dxc5 {[%clk 1:06:26]} 17. Nd8 {[%clk 0:54:03]} Ne5
{[%clk 1:06:53]} 18. Qb5 {[%clk 0:39:53]} Rxd8 {[%clk 1:07:06]} 19. Qxb6
{[%clk 0:40:18]} Rxd1 {[%clk 1:07:34]} 20. Qc7 {[%clk 0:40:36]} Rxe1+
{[%clk 1:08:01]} 21. Kh2 {[%clk 0:41:00]} c4 {[%clk 1:08:04]} 22. Ba2
{[%clk 0:41:15]} Be6 {[%clk 0:58:04]} 23. Qxe5 {[%clk 0:28:15]} Rd8
{[%clk 0:56:40]} 24. Qg5 {[%clk 0:25:05]} f6 {[%clk 0:50:41]} 25. Qb5
{[%clk 0:25:04]} a6 {[%clk 0:41:09]} 26. Qxb7 {[%clk 0:22:53]} Rd2
{[%clk 0:40:24]} 27. f4 {[%clk 0:22:02]} Re3 {[%clk 0:16:36]} 28. Qb6
{[%clk 0:15:17]} Rxh3+ {[%clk 0:16:45]} 29. Kg1 {[%clk 0:15:43]} Rd6
{[%clk 0:17:13]} 30. Qc7 {[%clk 0:14:29]} Rd7 {[%clk 0:16:54]} 31. Qc6
{[%clk 0:13:55]} Rd6 {[%clk 0:17:13]} 32. Qc7 {[%clk 0:13:31]} Rd7
{[%clk 0:17:27]} 1/2-1/2

[Event "World Chess Olympiad 2018"]
[Site "Batumi"]
[Date "2018.10.05"]
[Round "11"]
[Board "2"]
[WhiteFideId "14400049"]
[White "Dizdarevic Emir"]
[BlackFideId "800090"]
[Black "Godena Michele"]
[Result "1/2-1/2"]
[LiveChessVersion "1.4.8"]
[BlackElo "2501"]
[WhiteElo "2444"]

1. Nf3 {[%clk 1:30:51]} d5 {[%clk 1:30:53]} 2. e3 {[%clk 1:30:24]} Nf6
{[%clk 1:30:44]} 3. c4 {[%clk 1:30:43]} e6 {[%clk 1:26:44]} 4. b3
{[%clk 1:30:47]} c5 {[%clk 1:25:56]} 5. Bb2 {[%clk 1:31:06]} Nc6 {[%clk 1:25:12]}
6. cxd5 {[%clk 1:31:28]} exd5 7. Be2 {[%clk 1:31:49]} Bd6 {[%clk 1:19:29]} 8. O-O
{[%clk 1:30:36]} O-O {[%clk 1:19:42]} 9. d4 {[%clk 1:31:01]} Re8 {[%clk 1:02:23]}
10. Nc3 {[%clk 1:26:49]} a6 {[%clk 0:49:33]} 11. Rc1 {[%clk 1:21:36]} cxd4
{[%clk 0:44:00]} 12. Nxd4 {[%clk 1:21:50]} Bc7 {[%clk 0:38:53]} 13. Ba3
{[%clk 1:15:48]} Nxd4 {[%clk 0:29:10]} 14. Qxd4 {[%clk 1:15:16]} Be5
{[%clk 0:29:29]} 15. Qh4 {[%clk 0:57:00]} Be6 {[%clk 0:24:50]} 16. Bc5
{[%clk 0:51:20]} Bxc3 {[%clk 0:21:37]} 17. Rxc3 {[%clk 0:51:40]} Ne4
{[%clk 0:22:02]} 18. Qxd8 {[%clk 0:51:56]} Raxd8 {[%clk 0:22:23]} 19. Rcc1
{[%clk 0:51:28]} Nxc5 {[%clk 0:22:44]} 20. Rxc5 {[%clk 0:51:53]} d4
{[%clk 0:23:05]} 21. exd4 {[%clk 0:50:39]} Bxb3 {[%clk 0:14:59]} 22. Bxa6
{[%clk 0:50:27]} bxa6 {[%clk 0:12:49]} 23. axb3 {[%clk 0:50:49]} Rxd4
{[%clk 0:13:15]} 24. g3 {[%clk 0:50:09]} Rd3 {[%clk 0:12:53]} 25. Ra5
{[%clk 0:50:14]} Rxb3 {[%clk 0:13:12]} 26. Rxa6 {[%clk 0:50:38]} Rb7
{[%clk 0:13:35]} 27. Rfa1 {[%clk 0:51:03]} g6 {[%clk 0:14:01]} 28. Ra8
{[%clk 0:51:28]} Rxa8 {[%clk 0:14:28]} 29. Rxa8+ {[%clk 0:51:51]} Kg7
{[%clk 0:14:56]} 30. h4 {[%clk 0:52:06]} h5 {[%clk 0:15:22]} 1/2-1/2

[Event "World Chess Olympiad 2018"]
[Site "Batumi"]
[Date "2018.10.05"]
[Round "11"]
[Board "3"]
[WhiteFideId "865834"]
[White "Moroni Luca Jr"]
[BlackFideId "14402661"]
[Black "Marjanovic Dejan"]
[Result "1-0"]
[LiveChessVersion "1.4.8"]
[BlackElo "2382"]
[WhiteElo "2547"]

1. d4 {[%clk 1:30:59]} Nf6 {[%clk 1:30:52]} 2. c4 {[%clk 1:31:27]} g6
{[%clk 1:31:09]} 3. g3 {[%clk 1:31:53]} Bg7 {[%clk 1:31:35]} 4. Bg2
{[%clk 1:32:20]} O-O {[%clk 1:32:01]} 5. Nc3 {[%clk 1:32:46]} d6 {[%clk 1:32:27]}
6. Nf3 {[%clk 1:33:12]} Nbd7 {[%clk 1:32:55]} 7. O-O {[%clk 1:33:36]} e5
{[%clk 1:33:22]} 8. e4 {[%clk 1:34:01]} exd4 {[%clk 1:33:10]} 9. Nxd4
{[%clk 1:34:25]} Re8 {[%clk 1:33:24]} 10. Re1 {[%clk 1:34:50]} a6
{[%clk 1:33:19]} 11. a4 Ne5 {[%clk 1:15:46]} 12. b3 {[%clk 1:24:11]} Nfd7
{[%clk 1:12:33]} 13. f4 {[%clk 1:18:43]} Nc6 {[%clk 1:09:10]} 14. Be3
{[%clk 1:13:28]} Nb4 {[%clk 0:59:40]} 15. Na2 {[%clk 1:08:00]} a5
{[%clk 0:54:15]} 16. Nxb4 {[%clk 1:02:58]} axb4 {[%clk 0:51:43]} 17. Qc2
{[%clk 1:01:33]} f5 {[%clk 0:44:17]} 18. e5 {[%clk 0:52:25]} Kh8 {[%clk 0:34:11]}
19. Rad1 {[%clk 0:40:21]} dxe5 {[%clk 0:32:00]} 20. fxe5 {[%clk 0:40:23]} Rxe5
{[%clk 0:29:19]} 21. Nb5 {[%clk 0:38:27]} Qe7 {[%clk 0:26:23]} 22. Qd2
{[%clk 0:35:53]} c6 {[%clk 0:23:06]} 23. Nd6 {[%clk 0:34:14]} Nf6
{[%clk 0:16:07]} 24. Bc5 {[%clk 0:29:51]} Re6 {[%clk 0:11:59]} 25. Qxb4
{[%clk 0:24:05]} Qd7 {[%clk 0:08:24]} 26. Nxb7 {[%clk 0:19:23]} Qxb7
{[%clk 0:01:53]} 27. Rd8+ {[%clk 0:18:05]} Ng8 {[%clk 0:01:29]} 28. Rxe6
{[%clk 0:18:25]} 1-0

[Event "World Chess Olympiad 2018"]
[Site "Batumi"]
[Date "2018.10.05"]
[Round "11"]
[Board "4"]
[WhiteFideId "14407701"]
[White "Burovic Rijad"]
[BlackFideId "818860"]
[Black "Valsecchi Alessio"]
[Result "1/2-1/2"]
[LiveChessVersion "1.4.8"]
[BlackElo "2500"]
[WhiteElo "2380"]

1. e4 {[%clk 1:30:53]} e5 {[%clk 1:30:53]} 2. f4 {[%clk 1:30:06]} exf4
{[%clk 1:31:15]} 3. Bc4 {[%clk 1:30:25]} Nf6 {[%clk 1:31:28]} 4. Nc3
{[%clk 1:30:44]} c6 {[%clk 1:31:43]} 5. Bb3 {[%clk 1:29:08]} d5 {[%clk 1:32:02]}
6. exd5 {[%clk 1:29:29]} Nxd5 {[%clk 1:32:23]} 7. Nf3 {[%clk 1:26:00]} Nxc3
{[%clk 1:28:30]} 8. dxc3 {[%clk 1:25:57]} Qxd1+ {[%clk 1:17:40]} 9. Kxd1
{[%clk 1:26:19]} Bd6 {[%clk 1:17:44]} 10. Re1+ {[%clk 1:26:17]} Kf8
{[%clk 1:15:13]} 11. Re4 {[%clk 1:26:19]} Nd7 {[%clk 1:01:17]} 12. Bxf4
{[%clk 1:16:44]} Bxf4 {[%clk 0:52:19]} 13. Rxf4 {[%clk 1:17:03]} Nf6
{[%clk 0:51:39]} 14. Kd2 {[%clk 1:06:10]} Bg4 {[%clk 0:40:37]} 15. Rf1
{[%clk 0:45:13]} Re8 {[%clk 0:33:52]} 16. Ng5 {[%clk 0:28:52]} Re2+
{[%clk 0:29:00]} 17. Kc1 {[%clk 0:19:26]} Bh5 {[%clk 0:29:05]} 18. R4f2
{[%clk 0:15:02]} Re5 {[%clk 0:25:09]} 19. Rf5 {[%clk 0:12:49]} Re2
{[%clk 0:19:28]} 20. Nh3 {[%clk 0:13:06]} Bg4 {[%clk 0:18:52]} 21. R5f2
{[%clk 0:12:57]} Rxf2 {[%clk 0:17:25]} 22. Nxf2 {[%clk 0:13:26]} h5
{[%clk 0:13:38]} 23. Nd3 {[%clk 0:11:28]} Rh6 {[%clk 0:13:39]} 24. Ne5
{[%clk 0:09:55]} Be6 {[%clk 0:13:49]} 25. Bxe6 {[%clk 0:09:46]} fxe6
{[%clk 0:14:17]} 26. Kd2 {[%clk 0:08:56]} h4 {[%clk 0:12:52]} 27. Rf4
{[%clk 0:07:55]} Rh5 {[%clk 0:12:23]} 28. Nf3 {[%clk 0:07:22]} h3
{[%clk 0:09:41]} 29. g4 {[%clk 0:06:14]} Rd5+ {[%clk 0:10:06]} 30. Ke2
{[%clk 0:06:14]} e5 {[%clk 0:08:53]} 31. Rf5 {[%clk 0:05:18]} e4 {[%clk 0:08:58]}
32. Ng5 {[%clk 0:04:57]} Ke7 {[%clk 0:08:23]} 33. Nxh3 {[%clk 0:04:37]} Nxg4
{[%clk 0:06:44]} 34. Rg5 {[%clk 0:03:25]} Rxg5 {[%clk 0:04:38]} 35. Nxg5
{[%clk 0:03:49]} Nxh2 {[%clk 0:05:01]} 36. Nxe4 {[%clk 0:02:24]} Ng4
{[%clk 0:05:20]} 37. b3 {[%clk 0:01:50]} Nf6 {[%clk 0:05:27]} 38. Ng5
{[%clk 0:01:39]} Nd5 {[%clk 0:02:27]} 39. Ne4 {[%clk 0:00:50]} b6
{[%clk 0:01:31]} 40. c4 {[%clk 0:30:43]} Nf6 {[%clk 0:31:36]} 41. Ng5
{[%clk 0:30:26]} Nd7 {[%clk 0:26:16]} 42. Ke3 {[%clk 0:29:39]} Kf6
{[%clk 0:26:20]} 43. Kf4 {[%clk 0:18:58]} Nc5 {[%clk 0:26:40]} 44. Nh7+
{[%clk 0:19:09]} Ke7 {[%clk 0:26:38]} 45. b4 {[%clk 0:10:35]} Ne6+
{[%clk 0:26:19]} 46. Ke5 {[%clk 0:10:54]} Kd7 {[%clk 0:10:52]} 47. c3
{[%clk 0:09:36]} Ke7 {[%clk 0:11:17]} 48. Kf5 {[%clk 0:06:34]} Kf7
{[%clk 0:10:48]} 49. c5 {[%clk 0:05:32]} bxc5 {[%clk 0:08:36]} 50. bxc5
{[%clk 0:05:57]} a5 {[%clk 0:07:50]} 51. Ke5 {[%clk 0:05:06]} Ke7
{[%clk 0:08:04]} 52. c4 {[%clk 0:04:47]} a4 {[%clk 0:07:45]} 53. a3
{[%clk 0:04:24]} Kd7 {[%clk 0:07:11]} 54. Kf5 {[%clk 0:04:32]} Nd4+
{[%clk 0:07:17]} 55. Ke4 {[%clk 0:03:48]} Nc2 {[%clk 0:05:57]} 56. Kd3
{[%clk 0:04:05]} Nxa3 {[%clk 0:06:09]} 57. Ng5 {[%clk 0:02:34]} Ke7
{[%clk 0:05:32]} 58. Nf3 {[%clk 0:02:10]} Ke6 {[%clk 0:04:35]} 59. Nd4+
{[%clk 0:02:10]} Kd7 {[%clk 0:04:35]} 60. Nf3 {[%clk 0:03:50]} Ke6
{[%clk 0:04:02]} 61. Nd4+ {[%clk 0:03:50]} Kd7 {[%clk 0:04:02]} 62. Nf3
{[%clk 0:03:50]} 1/2-1/2

[Event "World Chess Olympiad 2018"]
[Site "Batumi"]
[Date "2018.10.05"]
[Round "11"]
[Board "1"]
[WhiteFideId "3208923"]
[White "Smirnov Anton"]
[BlackFideId "3000010"]
[Black "Rodriguez Vila Andres"]
[Result "1-0"]
[LiveChessVersion "1.4.8"]
[BlackElo "2477"]
[WhiteElo "2549"]

1. e4 {[%clk 1:30:51]} e6 {[%clk 1:29:20]} 2. d4 {[%clk 1:31:16]} d5
{[%clk 1:29:46]} 3. Nc3 {[%clk 1:31:41]} Bb4 {[%clk 1:30:09]} 4. e5
{[%clk 1:32:07]} c5 {[%clk 1:30:27]} 5. a3 {[%clk 1:32:33]} Bxc3+
{[%clk 1:30:52]} 6. bxc3 {[%clk 1:32:58]} Nc6 {[%clk 1:29:58]} 7. Qg4
{[%clk 1:33:19]} g6 {[%clk 1:30:11]} 8. Qf4 {[%clk 1:33:42]} Bd7 {[%clk 1:27:41]}
9. dxc5 {[%clk 1:26:43]} Qa5 {[%clk 1:27:33]} 10. Bd2 {[%clk 1:27:05]} Qxc5
{[%clk 1:27:47]} 11. Nf3 {[%clk 1:26:22]} h6 {[%clk 1:26:18]} 12. h4
{[%clk 1:16:10]} Nge7 {[%clk 1:22:22]} 13. Bd3 {[%clk 1:10:01]} O-O-O
{[%clk 1:21:52]} 14. O-O {[%clk 1:09:46]} Nf5 {[%clk 1:21:13]} 15. g3
{[%clk 0:55:54]} Rdg8 {[%clk 1:07:49]} 16. Qg4 {[%clk 0:46:45]} g5
{[%clk 1:05:25]} 17. h5 {[%clk 0:46:53]} Nh4 {[%clk 1:05:31]} 18. Nd4
{[%clk 0:41:39]} Nxe5 {[%clk 0:52:48]} 19. Qe2 {[%clk 0:42:02]} Qd6
{[%clk 0:36:12]} 20. Rae1 {[%clk 0:36:29]} Nxd3 {[%clk 0:31:48]} 21. cxd3
{[%clk 0:36:50]} f6 {[%clk 0:31:17]} 22. gxh4 {[%clk 0:35:19]} gxh4+
{[%clk 0:28:13]} 23. Kh1 {[%clk 0:35:48]} e5 {[%clk 0:28:37]} 24. Nc2
{[%clk 0:35:55]} d4 {[%clk 0:23:36]} 25. Qf3 {[%clk 0:25:31]} dxc3
{[%clk 0:21:33]} 26. Bxc3 {[%clk 0:25:14]} Bc6 {[%clk 0:21:51]} 27. Re4
{[%clk 0:25:37]} Qc5 {[%clk 0:22:10]} 28. Nb4 {[%clk 0:25:40]} Bxe4
{[%clk 0:17:21]} 29. dxe4 {[%clk 0:25:33]} Kb8 {[%clk 0:17:39]} 30. Nd5
{[%clk 0:25:16]} Ka8 {[%clk 0:14:10]} 31. Rc1 {[%clk 0:23:22]} Rc8
{[%clk 0:12:04]} 32. Bd2 {[%clk 0:21:51]} Qd4 {[%clk 0:10:24]} 33. Rxc8+
{[%clk 0:21:01]} Rxc8 {[%clk 0:10:50]} 34. Bxh6 {[%clk 0:19:09]} Qa1+
{[%clk 0:05:12]} 35. Kh2 {[%clk 0:19:36]} Rg8 {[%clk 0:05:36]} 36. Nxf6
{[%clk 0:18:50]} Qg1+ {[%clk 0:02:48]} 37. Kh3 {[%clk 0:19:18]} Qf1+
{[%clk 0:01:57]} 38. Kxh4 {[%clk 0:19:46]} Rg2 {[%clk 0:02:12]} 39. Ng4
{[%clk 0:19:11]} Qh1+ {[%clk 0:01:38]} 40. Qh3 {[%clk 0:49:28]} Qg1
{[%clk 0:30:39]} 41. Be3 {[%clk 0:49:48]} 1-0

[Event "World Chess Olympiad 2018"]
[Site "Batumi"]
[Date "2018.10.05"]
[Round "11"]
[Board "2"]
[WhiteFideId "3000028"]
[White "Roselli Mailhe Bernardo"]
[BlackFideId "3202534"]
[Black "Zhao Zong-Yuan"]
[Result "0-1"]
[LiveChessVersion "1.4.8"]
[BlackElo "2523"]
[WhiteElo "2439"]

1. d4 {[%clk 1:30:58]} Nf6 {[%clk 1:30:34]} 2. c4 {[%clk 1:31:24]} e6
{[%clk 1:31:02]} 3. Nf3 {[%clk 1:31:50]} d5 {[%clk 1:31:27]} 4. Nc3
{[%clk 1:32:16]} Bb4 {[%clk 1:31:54]} 5. Qa4+ {[%clk 1:31:06]} Nc6
{[%clk 1:32:18]} 6. e3 {[%clk 1:31:07]} O-O {[%clk 1:32:30]} 7. Bd2
{[%clk 1:31:30]} dxc4 {[%clk 1:31:54]} 8. Bxc4 {[%clk 1:30:07]} Bd6
{[%clk 1:32:16]} 9. Nb5 {[%clk 1:18:49]} Be7 {[%clk 1:29:11]} 10. Qc2
{[%clk 1:10:52]} a6 {[%clk 1:14:35]} 11. Nc3 {[%clk 1:11:11]} b5 {[%clk 1:15:01]}
12. Be2 {[%clk 1:10:33]} Nb4 {[%clk 1:11:54]} 13. Qb1 {[%clk 1:10:51]} c5
{[%clk 1:11:21]} 14. dxc5 {[%clk 1:06:32]} Bxc5 {[%clk 1:09:50]} 15. O-O
{[%clk 1:06:18]} Bb7 {[%clk 1:09:45]} 16. Rd1 {[%clk 1:06:21]} Qe7
{[%clk 1:09:02]} 17. Ng5 {[%clk 0:59:31]} h6 {[%clk 0:50:23]} 18. Nge4
{[%clk 0:56:31]} Nxe4 {[%clk 0:50:00]} 19. Nxe4 {[%clk 0:56:56]} Bb6
{[%clk 0:50:23]} 20. a3 {[%clk 0:45:23]} Nd5 {[%clk 0:50:08]} 21. a4
{[%clk 0:43:54]} f5 {[%clk 0:35:43]} 22. Nc3 {[%clk 0:39:11]} Qg5
{[%clk 0:18:09]} 23. Bf1 {[%clk 0:33:28]} Nf6 {[%clk 0:18:33]} 24. h3
{[%clk 0:19:47]} b4 {[%clk 0:17:08]} 25. Ne2 {[%clk 0:19:54]} Ne4
{[%clk 0:09:13]} 26. Be1 {[%clk 0:19:07]} f4 {[%clk 0:03:39]} 27. Nxf4
{[%clk 0:04:44]} Rxf4 {[%clk 0:04:04]} 28. exf4 {[%clk 0:05:08]} Qxf4
{[%clk 0:04:32]} 29. Qc2 {[%clk 0:04:18]} Rf8 {[%clk 0:04:53]} 30. Rd7
{[%clk 0:03:13]} Nxf2 {[%clk 0:01:08]} 31. Bxf2 {[%clk 0:02:34]} Bxf2+
{[%clk 0:01:37]} 32. Kh1 {[%clk 0:03:03]} Be4 {[%clk 0:00:54]} 33. Qc4
{[%clk 0:01:06]} Qf5 {[%clk 0:00:44]} 34. Rd3 {[%clk 0:00:55]} a5
{[%clk 0:00:44]} 35. Rad1 {[%clk 0:00:49]} Bb6 {[%clk 0:00:42]} 36. Rb3
{[%clk 0:00:34]} Qe5 {[%clk 0:00:42]} 37. Qb5 {[%clk 0:00:47]} Qxb5
{[%clk 0:00:45]} 38. axb5 {[%clk 0:00:44]} Bc2 {[%clk 0:01:06]} 39. Rbd3
{[%clk 0:00:35]} Rxf1+ {[%clk 0:01:14]} 40. Rxf1 Bxd3 {[%clk 0:31:41]} 41. Rd1
{[%clk 0:30:45]} Bxb5 {[%clk 0:30:09]} 42. Rd6 {[%clk 0:30:48]} Bc7
{[%clk 0:29:52]} 43. Rxe6 {[%clk 0:31:16]} Kf7 {[%clk 0:29:48]} 0-1